000 00850nam a2200193Ia 4500
003 GCL
005 20240530105917.0
008 140319s9999 xx 000 0 ara d
040 _aGCL /
_cGCL
082 0 4 _a811.9
_bم ق
100 1 _aالمجلس الاعلى لرعاية الفنون والاداب والعلوم الاجتماعية
245 1 0 _aقصائد مختارة /
_cالمجلس الاعلى لرعاية الفنون والاداب والعلوم الاجتماعية
260 _a[S.N] :
_bالمجلس الاعلى لرعاية الفنون والاداب ،
_c1971
300 _a122 ص
500 _aالواقفون فى العاصفة / غسان الصبح الشاعر والكلمة / سعد عبدالعزيز مصلوح
650 0 4 _aالشعر العربى
650 0 4 _aدواوين وقصائد
942 _2ddc
_cBK
999 _c57553
_d57553